Guess the Taylor Swift Song (no hint) 4 - Statistics

General Stats
  • This quiz has been taken 276 times
  • The average score is 221 of 310
Answer Stats
Answer % Correct
I
99%
(I
99%
a
98%
you
98%
You
98%
the
96%
The
96%
me
95%
me)
95%
And
91%
and
91%
in
90%
your
90%
My
89%
my
89%
do
88%
it
88%
be
87%
love
86%
what
86%
is
85%
Is
85%
to
85%
they
84%
No
83%
(no
83%
I'm
82%
on
82%
that
82%
That
82%
go
81%
All
80%
(all
80%
at
79%
don't
79%
of
79%
this
79%
say
77%
too
75%
want
75%
But
74%
if
73%
just
72%
Oh,
72%
oh,
72%
(oh,
72%
from
71%
off
70%
see
70%
see)
70%
one
69%
been
68%
up
68%
Get
66%
(get
66%
haze
66%
haze,
66%
lavender
66%
wanna
66%
ever
65%
I've
65%
stay
65%
with
65%
(yeah,
63%
yeah)
63%
feel
62%
feel)
62%
much
62%
or
61%
Meet
60%
night
60%
people
60%
They're
60%
creepin'
59%
damn
59%
even
59%
give
59%
chest
58%
gonna
58%
girl
56%
midnight
56%
new
55%
shit
55%
desk
54%
desk)
54%
keep
53%
need
53%
only
53%
(only
53%
wife
53%
damned
52%
into
52%
askin'
51%
bride
51%
deal,
50%
deal
50%
deal),
50%
read
50%
under
50%
history
49%
kind
49%
find
48%
Starin'
48%
Talk
48%
talk
48%
nineteen
47%
viral
47%
ceilin'
46%
listening
46%
really
46%
spiral
46%
beautifully
44%
bringin'
44%
handle
43%
Surreal,
43%
scrutiny
42%
dizzying
39%
melancholia
39%
fiftys
38%
aren't
36%
whoa)
32%
(Ooh
31%
No matching quizzes found
Score Distribution
Percent of People with Each Score
Percentile by Number Answered
Your Score History
You have not taken this quiz